000 00300nam a22001337a 4500
008 170911b xxu||||| |||| 00| 0 eng d
020 _a9781560534419
041 _aeng
080 _23RD
_a53
100 _a43
101 _aFIZ
245 _aTEAM PHYSICIAN'S HANDBOOK
_cMELLION,M.B
942 _2udc
_cBK
999 _c27204
_d27204